000 00748nam a22002417a 4500
001 BR6003781
003 BR-BrBNA
005 20230928095543.0
007 ta
008 230509b bl.||||| |||| 00| 0 por d
040 _aBR-BrBNA
_bpor
_cBiblioteca Nacional de Agricultura
041 _a(Por)
072 _aE14
090 _ E14 BR6003781
110 1 _aServico Federal de Habitacao e Urbanismo, Rio de Janeiro, GB (Brasil)
_99342
245 1 _aRelatorio preliminar de desenvolvimento integrado. Municipio de Angicos, Rio Grande do Norte
260 3 _aRio de Janeiro, GB (Brasil):
_c1973.
300 _a130 p.
650 _aDesenvolvimento Agricola
650 _aRio Grande do Norte
909 _a202309
_bLucia
_c55
_dLucia Elande
942 _cBK
999 _c57252
_d57252